El taller de prensa en tu clase: un instrumento para el desarrollo de la expresión-comprensión

Wedi'i Gadw mewn:
Manylion Llyfryddiaeth
Prif Awduron: Jurado, J (Awdur), Gilabert, L (Awdur)
Fformat: Llyfr
Iaith:Sbaeneg
Cyhoeddwyd: Barcelona Octaedro 1997
Rhifyn:4a. ed
Cyfres:Cuadernos Octaedro. Serie Lengua y Comunicación
Pynciau:
Tagiau: Ychwanegu Tag
Dim Tagiau, Byddwch y cyntaf i dagio'r cofnod hwn!

MARC

LEADER 00000nam a2200000 a 4500
001 UCH4099
003 CL-VaPUC
008 090818e19970000SP |||||||||||||||||spa|d
020 |a 8480630310 
082 0 4 |a 070.4  |b JUR  |2 21 
100 |a Jurado, J  |e author  |9 539576 
700 0 |a Gilabert, L  |e author  |9 539577 
245 1 3 |a El taller de prensa en tu clase: un instrumento para el desarrollo de la expresión-comprensión 
250 |a 4a. ed 
300 |a 114 p 
942 |c BK 
945 |d 20090818 00:00:00  |a lazolas 
260 |a Barcelona  |b Octaedro  |c 1997 
650 0 |a Prensa  |9 258117 
650 7 |a PRENSA DE INFORMACION  |2 CL-VaPUC  |9 335512 
650 0 |a Medios de comunicación de masas  |9 257273 
650 0 |a Periodismo   |9 310113 
650 7 |a REDACTORES  |2 CL-VaPUC  |9 334808 
583 |a last modification  |c 20090818 00:00:00  |k Rodrigo Vera 
490 0 |a Cuadernos Octaedro. Serie Lengua y Comunicación 
999 |c 335448  |d 335446